000 00422pab a2200169 454500
008 180718b2015 xxu||||| |||| 00| 0 eng d
100 _aPopov, Vladimir
245 _aIncome inequalities in perspective
260 _c2015
300 _ap.196-205.
650 _aWelfare state
650 _aCapitalism
650 _aIncome distribution
700 _aSundaram, Jomo Kwame
773 _aDevelopment
909 _a114679
999 _c114673
_d114673